[Event "Alberta-ch Seniors"]
[Site "Edmonton CAN"]
[Date "2019.05.11"]
[Round "3"]
[White "Booker, Brad"]
[Black "Karmali, Hafiz"]
[Result "1-0"]
[WhiteElo "2144"]
[BlackElo "2038"]
[PlyCount "85"]
[EventDate "2019.05.11"]
[EventType "swiss"]
[EventRounds "5"]
[EventCountry "CAN"]

1. e4 Nf6 2. e5 Nd5 3. d4 d6 4. c4 Nb6 5. exd6 cxd6 6. d5 N8d7 7. Nf3 g6 8. Qd4
Nf6 9. a4 a5 10. Be3 Nbd7 11. Nbd2 Bg7 12. Qh4 O-O 13. Be2 Nc5 14. Nd4 Bd7 15.
b3 e5 16. dxe6 fxe6 17. O-O e5 18. Nb5 Bf5 19. Bg5 Qd7 20. Ra2 Bd3 21. Bxd3
Nxd3 22. Ne4 Nxe4 23. Qxe4 Nc5 24. Qd5+ Qe6 25. Nxd6 Qxd5 26. cxd5 Ra6 27. Nc4
Rf7 28. Rb1 Ne4 29. Bd2 Rxf2 30. Rab2 Nxd2 31. Kxf2 Nxb1 32. Rxb1 Kf7 33. Ke3
Ke7 34. Rf1 Ra8 35. Ke4 b6 36. Nxe5 Kd6 37. Nc4+ Kc5 38. Rf7 Re8+ 39. Kd3 Bf8
40. Rxh7 Kxd5 41. Nxb6+ Kc6 42. Nc4 Bb4 43. Rg7 1-0

[Event "Alberta-ch Seniors"]
[Site "Edmonton CAN"]
[Date "2019.05.11"]
[Round "3"]
[White "Decaire, Michael"]
[Black "Scholz, Mike"]
[Result "1-0"]
[WhiteElo "1841"]
[BlackElo "1440"]
[PlyCount "123"]
[EventDate "2019.05.11"]
[EventType "swiss"]
[EventRounds "5"]
[EventCountry "CAN"]

1. e4 e5 2. Nf3 Nc6 3. Bb5 Nd4 4. Nxd4 exd4 5. O-O Be7 6. d3 a6 7. Bc4 b5 8.
Bb3 d6 9. c3 Bf6 10. Re1 Ne7 11. f4 dxc3 12. Nxc3 Bd4+ 13. Be3 Bxe3+ 14. Rxe3
O-O 15. f5 Nc6 16. Bd5 Bd7 17. Qh5 Qf6 18. Rh3 h6 19. Rg3 Ne7 20. Bxa8 Rxa8 21.
Rf1 Kh7 22. Qe2 c6 23. Nd1 Qd4+ 24. Kh1 f6 25. Nf2 Rg8 26. Nh3 Qe5 27. Ng1 d5
28. Nf3 Qc7 29. Nh4 dxe4 30. dxe4 Be8 31. Rc1 Qe5 32. Qc2 Qf4 33. Nf3 Bf7 34.
b3 a5 35. Rd1 Qc7 36. Qd2 Be8 37. Qd6 Qxd6 38. Rxd6 Nc8 39. Rd8 Nb6 40. Nd2 Bf7
41. Rxg8 Bxg8 42. Rc3 a4 43. Rxc6 axb3 44. axb3 Nd7 45. Rc7 Ne5 46. Rb7 b4 47.
Rxb4 Nd3 48. Rb7 Nc5 49. Rb5 Nd3 50. Kg1 Nc1 51. Kf2 Nd3+ 52. Ke3 Ne5 53. h3 h5
54. Nf3 Nc4+ 55. bxc4 Bxc4 56. Rb7 Ba6 57. Ra7 Bf1 58. Kf2 Bd3 59. Nd2 Kh6 60.
h4 g5 61. hxg5+ Kxg5 62. Ke3 1-0

[Event "Alberta-ch Seniors"]
[Site "Edmonton CAN"]
[Date "2019.05.11"]
[Round "3"]
[White "Findlay, Ian"]
[Black "Haessel, Dale"]
[Result "0-1"]
[WhiteElo "2354"]
[BlackElo "2257"]
[PlyCount "74"]
[EventDate "2019.05.11"]
[EventType "swiss"]
[EventRounds "5"]
[EventCountry "CAN"]

1. e4 e5 2. Nf3 Nc6 3. Bb5 Nf6 4. O-O Nxe4 5. d4 Nd6 6. dxe5 Nxb5 7. a4 Nbd4 8.
Nxd4 Nxd4 9. Qxd4 d5 10. exd6 Qxd6 11. Qe3+ Be6 12. Nc3 a6 13. Rd1 Qc6 14. Nb5
Be7 15. Nd4 Qd5 16. Qe2 O-O-O 17. Bf4 Qc4 18. Qxc4 Bxc4 19. Nf3 Rhe8 20. Rxd8+
Bxd8 21. Re1 Rxe1+ 22. Nxe1 Bf6 23. b3 Be2 24. Bd2 Kd7 25. g3 Kd6 26. f3 Bd4+
27. Kg2 Kd5 28. Nd3 Bd1 29. a5 c5 30. c3 Bf6 31. b4 cxb4 32. cxb4 Ba4 33. Nc5
Bc6 34. Ne4 Be7 35. Kf2 Kc4 36. Nc5 Bf6 37. Ke3 Bd4+ 0-1

[Event "Alberta-ch Seniors"]
[Site "Edmonton CAN"]
[Date "2019.05.12"]
[Round "4"]
[White "Decaire, Michael"]
[Black "Findlay, Ian"]
[Result "0-1"]
[WhiteElo "1841"]
[BlackElo "2364"]
[PlyCount "92"]
[EventDate "2019.05.11"]
[EventType "swiss"]
[EventRounds "5"]
[EventCountry "CAN"]

1. e4 c5 2. Nf3 d6 3. d3 g6 4. g3 Bg7 5. Bg2 Nc6 6. O-O Nf6 7. Nbd2 O-O 8. Re1
Rb8 9. a4 b6 10. Nh4 e5 11. Nf1 d5 12. Bg5 dxe4 13. Bxe4 Nd4 14. Bg2 h6 15. Bc1
Re8 16. Nd2 Bg4 17. f3 Bd7 18. Bh1 Qc7 19. Ne4 Nd5 20. c3 Ne6 21. Nf2 Bc6 22.
Ng2 Rbd8 23. Ne3 Nxe3 24. Bxe3 c4 25. Qe2 cxd3 26. Nxd3 Qd7 27. Nb4 Bxa4 28.
Nc2 Bb5 29. Qf2 f5 30. Bg2 f4 31. Bc1 Bf8 32. b4 Bg7 33. Bb2 Ng5 34. g4 e4 35.
Nd4 exf3 36. Nxf3 Qxg4 37. Nxg5 hxg5 38. h3 Qd7 39. Rxe8+ Rxe8 40. Re1 Rxe1+
41. Qxe1 g4 42. c4 Bxb2 43. Bd5+ Kg7 44. Qe4 Ba4 45. Qxf4 gxh3 46. Qf2 Qg4+ 0-1

[Event "Alberta-ch Seniors"]
[Site "Edmonton CAN"]
[Date "2019.05.12"]
[Round "4"]
[White "Karmali, Hafiz"]
[Black "Daniluk, Jim"]
[Result "0-1"]
[WhiteElo "2038"]
[BlackElo "1879"]
[PlyCount "108"]
[EventDate "2019.05.11"]
[EventType "swiss"]
[EventRounds "5"]
[EventCountry "CAN"]

1. d4 Nf6 2. c4 Nc6 3. Nc3 e5 4. d5 Ne7 5. Bg5 Ng6 6. e4 Bb4 7. Bd3 Bxc3+ 8.
bxc3 d6 9. h3 h6 10. Be3 b6 11. Ne2 Nh4 12. Kf1 g5 13. Ng3 Ng6 14. Nf5 Nf4 15.
Bc2 Kf8 16. g3 N4h5 17. h4 Bxf5 18. exf5 g4 19. Kg2 Ke7 20. Qd2 Qf8 21. Rhe1
Qg7 22. Rab1 Ne8 23. a4 a5 24. Bxb6 cxb6 25. Rxb6 Rc8 26. Rb7+ Rc7 27. Reb1 Qf6
28. R1b6 Rxb7 29. Rxb7+ Kf8 30. Rd7 Kg7 31. Qe3 Rf8 32. Qa7 e4 33. Qd4 Qxd4 34.
cxd4 Nhf6 35. Ra7 Kg8 36. Bb3 Ng7 37. c5 Nxf5 38. c6 Nxd4 39. Bc4 Rc8 40. Rxa5
e3 41. fxe3 Nf5 42. Ba6 Rc7 43. Rb5 Nxe3+ 44. Kf2 Nexd5 45. Rb8+ Kg7 46. Rc8
Ne4+ 47. Kg2 Nc5 48. Rxc7 Nxc7 49. Bb5 Kf6 50. Kf2 Ke6 51. Ke3 d5 52. Be2 d4+
53. Kd2 f5 54. a5 Nb3+ 0-1

[Event "Alberta-ch Seniors"]
[Site "Edmonton CAN"]
[Date "2019.05.12"]
[Round "5"]
[White "Decaire, Michael"]
[Black "Daniluk, Jim"]
[Result "1/2-1/2"]
[WhiteElo "1841"]
[BlackElo "1879"]
[PlyCount "40"]
[EventDate "2019.05.11"]
[EventType "swiss"]
[EventRounds "5"]
[EventCountry "CAN"]

1. e4 c5 2. Nf3 Nc6 3. d3 Nf6 4. g3 g6 5. Bg2 Bg7 6. O-O O-O 7. Re1 d5 8. Nbd2
dxe4 9. dxe4 e5 10. c3 Be6 11. Qc2 Qc7 12. Ng5 Bd7 13. Nf1 h6 14. Nf3 Be6 15.
Be3 b6 16. Rad1 Rac8 17. Bc1 Qb8 18. Ne3 Nd4 19. Qb1 Nxf3+ 20. Bxf3 Qb7 1/2-1/2

[Event "Alberta-ch Seniors"]
[Site "Edmonton CAN"]
[Date "2019.05.12"]
[Round "5"]
[White "Karmali, Hafiz"]
[Black "Haessel, Dale"]
[Result "0-1"]
[WhiteElo "2038"]
[BlackElo "2257"]
[PlyCount "46"]
[EventDate "2019.05.11"]
[EventType "swiss"]
[EventRounds "5"]
[EventCountry "CAN"]

1. d4 Nf6 2. c4 g6 3. Nc3 d5 4. cxd5 Nxd5 5. Bd2 Bg7 6. e4 Nb6 7. Be3 O-O 8.
Nf3 Bg4 9. Be2 Nc6 10. e5 Nd5 11. h3 Be6 12. Ng5 Nxe3 13. fxe3 Bh6 14. Nxe6
fxe6 15. Qd3 Nb4 16. Qe4 Bxe3 17. a3 Rf4 18. Qxb7 Nc2+ 19. Kd1 Nxa1 20. d5 Rb8
21. Qa6 Rxb2 22. Qxe6+ Kh8 23. Rf1 Rd2+ 0-1

[Event "Alberta-ch w"]
[Site "Edmonton CAN"]
[Date "2019.05.11"]
[Round "1"]
[White "Syeda, Shabana"]
[Black "Mo, Michelle"]
[Result "1-0"]
[WhiteElo "2087"]
[BlackElo "1693"]
[PlyCount "89"]
[EventDate "2019.05.11"]
[EventType "tourn"]
[EventRounds "5"]
[EventCountry "CAN"]

1. d4 Nf6 2. Nf3 g6 3. g3 Bg7 4. Bg2 d6 5. O-O O-O 6. b3 Nbd7 7. Bb2 c6 8. Nbd2
Qc7 9. c4 e5 10. dxe5 Nxe5 11. Nxe5 dxe5 12. Qc2 Nh5 13. e4 f5 14. h3 Bd7 15.
c5 Be6 16. Rac1 Rae8 17. Nc4 f4 18. Qc3 f3 19. Bxf3 Bxh3 20. Rfd1 Qe7 21. Nd6
Rd8 22. Rc2 Qg5 23. Bc1 Qf6 24. Bg2 Bg4 25. Rf1 b6 26. b4 Bh8 27. Bh6 Bg7 28.
Bxg7 Nxg7 29. f3 Be6 30. f4 Nh5 31. f5 gxf5 32. Nxf5 Qg5 33. Qxe5 Bxf5 34. Rxf5
Rd1+ 35. Kh2 Rxf5 36. exf5 Rd3 37. Bxc6 Nxg3 38. Bd5+ Kf8 39. Qh8+ Ke7 40. f6+
Kd7 41. Qg7+ Qxg7 42. fxg7 Nf1+ 43. Kg1 Rg3+ 44. Rg2 Rxg2+ 45. Bxg2 1-0

[Event "Alberta-ch w"]
[Site "Edmonton CAN"]
[Date "2019.05.11"]
[Round "2"]
[White "Mo, Michelle"]
[Black "Matras-Clement, Agnieszka"]
[Result "0-1"]
[WhiteElo "1693"]
[BlackElo "2310"]
[PlyCount "104"]
[EventDate "2019.05.11"]
[EventType "tourn"]
[EventRounds "5"]
[EventCountry "CAN"]

1. e4 e5 2. Nf3 Nc6 3. Bb5 a6 4. Ba4 Nf6 5. O-O b5 6. Bb3 Be7 7. Re1 d6 8. h3
O-O 9. c3 Re8 10. d4 Bb7 11. Nbd2 Bf8 12. Bc2 exd4 13. cxd4 Nb4 14. Bb1 c5 15.
d5 a5 16. a3 Na6 17. b3 Nb8 18. Bd3 Ba6 19. Qc2 Nbd7 20. Bb2 Qc7 21. Rac1 Qb6
22. Qb1 Rab8 23. Bc3 g6 24. g3 Bg7 25. Kg2 Rec8 26. Nh4 Ne5 27. Be2 Re8 28. f4
Ned7 29. Bf3 Qc7 30. Qc2 Re7 31. Kh2 Rbe8 32. g4 Nxd5 33. Bxg7 Kxg7 34. f5 g5
35. f6+ N5xf6 36. Nf5+ Kf8 37. Nxe7 Rxe7 38. Nf1 Ne5 39. Be2 Ng6 40. Ng3 Nf4
41. Qc3 Re6 42. Bf3 b4 43. axb4 axb4 44. Qa1 Bb5 45. Red1 Bc6 46. Nf5 d5 47.
exd5 Bxd5 48. Bxd5 N4xd5+ 49. Kg1 Re2 50. Qa8+ Ne8 51. Kf1 Qh2 52. Rxd5 Qf2#
0-1

[Event "Alberta-ch w"]
[Site "Edmonton CAN"]
[Date "2019.05.11"]
[Round "3"]
[White "Xie, Cathy"]
[Black "Matras-Clement, Agnieszka"]
[Result "0-1"]
[WhiteElo "1051"]
[BlackElo "2310"]
[PlyCount "68"]
[EventDate "2019.05.11"]
[EventType "tourn"]
[EventRounds "5"]
[EventCountry "CAN"]

1. e4 c5 2. Nc3 Nc6 3. f4 e6 4. Nf3 d5 5. Bb5 Nf6 6. e5 Nd7 7. d3 Qc7 8. O-O
Be7 9. Qe1 a6 10. Ba4 b5 11. Bxb5 axb5 12. Nxb5 Qb8 13. a4 Ba6 14. Nc3 O-O 15.
b3 Nb4 16. Rf2 Qb6 17. Na2 Nxa2 18. Rxa2 d4 19. Bd2 Bb7 20. Rf1 Qc6 21. Qg3 f6
22. Re1 fxe5 23. Nxe5 Nxe5 24. fxe5 Bh4 25. Qh3 Bf2+ 26. Kf1 Be3+ 27. Ke2 Rf2+
28. Kd1 Rxd2+ 29. Kc1 Re2+ 30. Kb2 Rxe1 31. Qg3 Rg1 32. Qh4 Bc1+ 33. Kb1 Ba3+
34. Qe1 Rxe1# 0-1

[Event "Alberta-ch w"]
[Site "Edmonton CAN"]
[Date "2019.05.12"]
[Round "4"]
[White "Syeda, Shabana"]
[Black "Xie, Cathy"]
[Result "1-0"]
[WhiteElo "2087"]
[BlackElo "1051"]
[PlyCount "69"]
[EventDate "2019.05.11"]
[EventType "tourn"]
[EventRounds "5"]
[EventCountry "CAN"]

1. d4 c6 2. Nf3 d5 3. g3 Nf6 4. Bg2 Bf5 5. O-O e6 6. b3 Nbd7 7. Bb2 Qc7 8. c4
O-O-O 9. cxd5 Nxd5 10. Nc3 Nxc3 11. Bxc3 Nf6 12. Bb2 Bd6 13. Nh4 Bg6 14. Rc1
Qa5 15. a3 Bxa3 16. Ra1 Qb5 17. Rxa3 Bh5 18. Nf3 Qb6 19. Qa1 a6 20. Rc1 Nd5 21.
e4 Nb4 22. Ne5 Qa7 23. Ra4 f6 24. Nxc6 Nxc6 25. d5 exd5 26. exd5 Kb8 27. dxc6
Rd2 28. c7+ Kc8 29. Bh3+ Rd7 30. Rd4 Qxd4 31. Bxd4 g6 32. Bxf6 Rf8 33. Qd4 Rff7
34. Qa7 Rxf6 35. Qb8# 1-0

[Event "Alberta-ch w"]
[Site "Edmonton CAN"]
[Date "2019.05.12"]
[Round "5"]
[White "Matras-Clement, Agnieszka"]
[Black "Syeda, Shabana"]
[Result "1-0"]
[WhiteElo "2310"]
[BlackElo "2087"]
[PlyCount "67"]
[EventDate "2019.05.11"]
[EventType "tourn"]
[EventRounds "5"]
[EventCountry "CAN"]

1. e4 e5 2. Bc4 Nf6 3. d3 Be7 4. Nc3 Nc6 5. f4 d6 6. Nf3 O-O 7. O-O Na5 8. Bb3
c6 9. Kh1 Qc7 10. Qe1 Nxb3 11. axb3 Kh8 12. fxe5 dxe5 13. Qg3 Bd6 14. Nh4 Nh5
15. Qf3 Nf4 16. Nf5 Ne6 17. Be3 Bc5 18. Bxc5 Nxc5 19. Nxg7 Qe7 20. Nf5 Bxf5 21.
Qxf5 f6 22. Ne2 Nd7 23. Ng3 Rg8 24. Qf2 a6 25. Nf5 Qf8 26. Qh4 Rg6 27. Rf3 Re8
28. Raf1 Re6 29. Qh3 Qe8 30. Rg3 Nf8 31. Rff3 Rg5 32. Qh6 Qf7 33. Nd6 Qg7 34.
Rxg5 1-0

[Event "Alberta-ch w"]
[Site "Edmonton CAN"]
[Date "2019.05.12"]
[Round "5"]
[White "Xie, Cathy"]
[Black "Mo, Michelle"]
[Result "0-1"]
[WhiteElo "1051"]
[BlackElo "1693"]
[PlyCount "112"]
[EventDate "2019.05.11"]
[EventType "tourn"]
[EventRounds "5"]
[EventCountry "CAN"]

1. e4 c5 2. Nc3 d6 3. f4 e6 4. Bc4 Nf6 5. Nf3 a6 6. a3 Be7 7. O-O O-O 8. d4
cxd4 9. Nxd4 b5 10. Bd3 Bb7 11. Kh1 Nc6 12. Nf3 Rc8 13. Qe1 Qc7 14. Bd2 Rfd8
15. Qf2 Nd7 16. b4 Bf6 17. Rad1 Nxb4 18. axb4 Bxc3 19. Qe1 Nf6 20. Rb1 Bxd2 21.
Nxd2 Qc6 22. Qh4 h6 23. Rf3 d5 24. exd5 Qxd5 25. Rg3 Kf8 26. Qh3 Qd4 27. Qh4
Ne4 28. Nxe4 Bxe4 29. h3 Bxd3 30. Rxd3 Qb6 31. Rbd1 Rxd3 32. Rxd3 f6 33. c3 Rc4
34. Qg3 Qc7 35. Rf3 a5 36. bxa5 Qxa5 37. Qg6 Rxc3 38. Rf1 Qa3 39. Rd1 Rc1 40.
Qh5 Qa1 41. Rxc1 Qxc1+ 42. Kh2 Qxf4+ 43. Kg1 Qf5 44. Qxf5 exf5 45. Kf2 Ke7 46.
Ke3 g5 47. Kd4 Kd6 48. g3 h5 49. h4 f4 50. gxf4 g4 51. Ke3 b4 52. Ke4 Ke6 53.
f5+ Kd6 54. Kd4 g3 55. Ke4 g2 56. Kf3 g1=Q 0-1

[Event "Annex CC April Fools U1800"]
[Site "Toronto CAN"]
[Date "2019.04.01"]
[Round "1"]
[White "Armstrong, Robert J"]
[Black "Wagner, Robert"]
[Result "0-1"]
[WhiteElo "1447"]
[BlackElo "1578"]
[PlyCount "69"]
[EventDate "2019.04.01"]
[EventType "swiss"]
[EventRounds "4"]
[EventCountry "CAN"]

1. d4 Nf6 2. c4 e6 3. Nf3 Bb4+ 4. Bd2 Qe7 5. a3 Bxd2+ 6. Qxd2 b6 7. Nc3 Bb7 8.
Qc2 O-O 9. e4 e5 10. d5 d6 11. Be2 Nbd7 12. g4 c6 13. h4 cxd5 14. cxd5 Rfc8 15.
Nd2 Nc5 16. g5 Ne8 17. O-O-O Ba6 18. Bxa6 Nxa6 19. Kb1 Qd7 20. Qd3 Nc5 21. Qg3
Na4 22. Nxa4 Qxa4 23. Rc1 Rxc1+ 24. Rxc1 Qd7 25. Rc6 Rc8 26. Qc3 Rxc6 27. dxc6
Qe7 28. Nf1 Nc7 29. Ne3 Kf8 30. Nd5 Qd8 31. h5 Qc8 32. Qf3 Ne6 33. g6 hxg6 34.
hxg6 f6 35. Qh3 0-1

[Event "Annex CC April Fools U1800"]
[Site "Toronto CAN"]
[Date "2019.04.08"]
[Round "2"]
[White "Chen, Daniel"]
[Black "Armstrong, Robert J"]
[Result "0-1"]
[WhiteElo "1663"]
[BlackElo "1447"]
[PlyCount "72"]
[EventDate "2019.04.01"]
[EventType "swiss"]
[EventRounds "4"]
[EventCountry "CAN"]

1. e4 a6 2. c4 c6 3. Nc3 Qa5 4. d4 b5 5. Nf3 Bb7 6. Bd2 Qc7 7. Rc1 b4 8. Na4 a5
9. c5 d6 10. Bf4 Nd7 11. d5 Rc8 12. Nd4 Ne5 13. Bxe5 dxe5 14. Nxc6 Bxc6 15.
dxc6 Qxc6 16. Bd3 Nf6 17. Qe2 Rb8 18. Nb6 Rxb6 19. cxb6 Qxc1+ 20. Qd1 Qxd1+ 21.
Kxd1 e6 22. Ke2 Bc5 23. Rc1 Bxb6 24. Rc6 Bd8 25. Rc5 Nd7 26. Bb5 Ke7 27. Bxd7
Kxd7 28. Rxe5 Bb6 29. g3 Rc8 30. Rb5 Rc6 31. Kd3 Kc7 32. Rg5 g6 33. f4 Rd6+ 34.
Ke2 f6 35. Rg4 Rd4 36. Ke3 Rd1+ 0-1

[Event "Annex CC April Fools U1800"]
[Site "Toronto CAN"]
[Date "2019.04.15"]
[Round "3"]
[White "Ugodnikov, Arkadiy"]
[Black "Armstrong, Robert J"]
[Result "1-0"]
[WhiteElo "1568"]
[BlackElo "1447"]
[PlyCount "78"]
[EventDate "2019.04.01"]
[EventType "swiss"]
[EventRounds "4"]
[EventCountry "CAN"]

1. e4 g6 2. d4 Bg7 3. Nc3 d6 4. Be3 Nf6 5. f3 a6 6. Qd2 b5 7. a3 c6 8. Nge2 a5
9. Bh6 O-O 10. Bxg7 Kxg7 11. g3 Bb7 12. Bg2 Nbd7 13. O-O h5 14. Rae1 Rh8 15. f4
Qb6 16. h4 e5 17. Kh1 exd4 18. Nxd4 Rhe8 19. b4 a4 20. Nf3 c5 21. Nd5 Bxd5 22.
exd5 Ne4 23. Rxe4 Rxe4 24. Ng5 Re7 25. Qc3+ Kg8 26. Bh3 Rae8 27. Bxd7 Rxd7 28.
f5 Qd8 29. fxg6 fxg6 30. Ne6 Rxe6 31. dxe6 Re7 32. Rf6 Qe8 33. bxc5 Rxe6 34.
Rxe6 Qxe6 35. c6 Qe2 36. Kg1 Qd1+ 37. Kf2 Qg4 38. c7 Qc8 39. Qc6 d5 1-0

[Event "Annex CC April Fools U1800"]
[Site "Toronto CAN"]
[Date "2019.04.29"]
[Round "4"]
[White "Armstrong, Robert J"]
[Black "Deol, Gagn"]
[Result "1-0"]
[WhiteElo "1447"]
[BlackElo "1615"]
[PlyCount "121"]
[EventDate "2019.04.01"]
[EventType "swiss"]
[EventRounds "4"]
[EventCountry "CAN"]

1. d4 Nf6 2. c4 e6 3. Nf3 b6 4. e3 Bb7 5. Bd3 c5 6. O-O cxd4 7. exd4 Be7 8. Nc3
d5 9. b3 O-O 10. Bb2 dxc4 11. bxc4 Nc6 12. Rc1 Rc8 13. Bb1 Na5 14. d5 Nxc4 15.
Ba1 Ba3 16. Rc2 Nxd5 17. Nxd5 Qxd5 18. Qe2 Rfd8 19. Rc3 Bb4 20. Rd3 Qc6 21.
Rfd1 Rxd3 22. Qxd3 f5 23. Qd7 Qxd7 24. Rxd7 Ne5 25. Rxg7+ Kxg7 26. Bxe5+ Kf7
27. Ng5+ Kg6 28. Bf4 e5 29. Be3 Rd8 30. Bc2 Bc5 31. Ne6 Re8 32. Nxc5 bxc5 33.
g4 e4 34. gxf5+ Kxf5 35. f4 Rg8+ 36. Kf2 Kg4 37. Bxc5 a6 38. Bb3 Rd8 39. Be3 h5
40. Be6+ Kh4 41. f5 Bc8 42. Bc5 Re8 43. Bxc8 Rxc8 44. Be7+ Kg4 45. f6 Rc2+ 46.
Ke3 Rc3+ 47. Kxe4 Rf3 48. Ke5 Kh3 49. Ke6 Kxh2 50. f7 Rxf7 51. Kxf7 Kg3 52. Ke6
Kf4 53. a4 Ke4 54. a5 Kd4 55. Kd6 Kc4 56. Kc6 Kd4 57. Bh4 Kc4 58. Bf2 Kb4 59.
Kb6 Kc4 60. Kxa6 Kd5 61. Kb7 1-0

[Event "Annex CC Come What May"]
[Site "Toronto CAN"]
[Date "2019.05.13"]
[Round "1"]
[White "Vigneswaramoorthy, Vinorth"]
[Black "Armstrong, Robert J"]
[Result "1-0"]
[WhiteElo "1699"]
[BlackElo "1569"]
[PlyCount "35"]
[EventDate "2019.05.13"]
[EventType "swiss"]
[EventRounds "5"]
[EventCountry "CAN"]

1. e4 g6 2. d4 Bg7 3. Nf3 c5 4. Be3 Qa5+ 5. Nc3 cxd4 6. Bxd4 Nf6 7. Qd2 a6 8.
O-O-O b5 9. e5 b4 10. exf6 bxc3 11. Bxc3 Qxa2 12. Qe3 O-O 13. fxg7 Re8 14. Qh6
f6 15. h4 Qf7 16. h5 gxh5 17. Rxh5 Qg6 18. Qxg6 1-0

[Event "Annex CC End of Summer U1800"]
[Site "Toronto CAN"]
[Date "2019.09.09"]
[Round "3"]
[White "Tanasijczuic, Justin"]
[Black "Armstrong, Robert J"]
[Result "1/2-1/2"]
[WhiteElo "1360"]
[BlackElo "1645"]
[PlyCount "141"]
[EventDate "2019.08.19"]
[EventType "swiss"]
[EventRounds "5"]
[EventCountry "CAN"]

1. e4 g6 2. d4 Bg7 3. c4 c5 4. Nf3 cxd4 5. Nxd4 Qb6 6. Nb3 Nc6 7. Nc3 Bxc3+ 8.
bxc3 Nf6 9. Be3 Qc7 10. f3 O-O 11. Be2 d6 12. Bd4 Be6 13. Nd2 b6 14. O-O Rac8
15. Qa4 Na5 16. Rfd1 Nd7 17. Rab1 Ne5 18. Bxe5 dxe5 19. Qa3 Qc5+ 20. Qxc5 Rxc5
21. Nb3 Rc7 22. Nxa5 bxa5 23. Rb5 a4 24. Rxe5 Rfc8 25. Ra5 Bxc4 26. Bxc4 Rxc4
27. Rxa7 R8c7 28. Rxc7 Rxc7 29. Rc1 a3 30. c4 Kf8 31. c5 Ke8 32. c6 e6 33. Rc3
h5 34. e5 Kd8 35. Rxa3 Rxc6 36. Ra7 Ke8 37. Kf2 Rc2+ 38. Ke3 Kf8 39. a4 Kg7 40.
h4 Rc5 41. f4 Rc3+ 42. Kf2 Rc2+ 43. Kg1 Rc1+ 44. Kh2 Ra1 45. a5 Ra2 46. a6 Ra3
47. Ra8 Ra2 48. a7 Ra3 49. Kg1 Ra2 50. Kf1 Ra1+ 51. Ke2 Ra2+ 52. Kd3 Ra3+ 53.
Kc4 Ra4+ 54. Kc5 Ra2 55. Kd6 Ra6+ 56. Kc7 Ra2 57. Kc6 Rc2+ 58. Kd7 Rd2+ 59. Ke8
Ra2 60. Rd8 Rxa7 61. Rd7 Rxd7 62. Kxd7 Kf8 63. Kd8 Kg7 64. Ke7 Kg8 65. Kf6 Kf8
66. Kg5 Kg7 67. g4 hxg4 68. Kxg4 f6 69. h5 gxh5+ 70. Kxh5 fxe5 71. fxe5 1/2-1/2

[Event "Annex CC End of Summer U1800"]
[Site "Toronto CAN"]
[Date "2019.09.16"]
[Round "4"]
[White "Armstrong, Robert J"]
[Black "Patton, Mark"]
[Result "1-0"]
[WhiteElo "1645"]
[BlackElo "1355"]
[PlyCount "43"]
[EventDate "2019.08.19"]
[EventType "swiss"]
[EventRounds "5"]
[EventCountry "CAN"]

1. d4 Nf6 2. c4 e6 3. Nf3 b6 4. e3 Bb7 5. Bd3 c5 6. O-O g6 7. b3 Bg7 8. Bb2 O-O
9. Nbd2 d5 10. dxc5 bxc5 11. cxd5 exd5 12. Rc1 Nbd7 13. Qe2 Qb6 14. Bb1 Rfe8
15. Rfe1 Rac8 16. Qd1 Nf8 17. Ba1 Qd6 18. Nc4 Qe6 19. Ng5 Qg4 20. Qxg4 Nxg4 21.
Bxg7 Kxg7 22. Nd6 1-0

[Event "Annex CC End of Summer U1800"]
[Site "Toronto CAN"]
[Date "2019.09.23"]
[Round "5"]
[White "Chandra, Ambarish"]
[Black "Armstrong, Robert J"]
[Result "1-0"]
[WhiteElo "1419"]
[BlackElo "1645"]
[PlyCount "43"]
[EventDate "2019.08.19"]
[EventType "swiss"]
[EventRounds "5"]
[EventCountry "CAN"]

1. e4 g6 2. d4 Bg7 3. Nf3 c5 4. c3 Qb6 5. Bc4 cxd4 6. Nxd4 Nc6 7. Nxc6 bxc6 8.
O-O Bb7 9. b4 Rd8 10. Be3 Qc7 11. Bxa7 d5 12. exd5 Ba8 13. Qa4 Nf6 14. Bd4 O-O
15. dxc6 Bxc6 16. Qb3 Ng4 17. g3 Qb7 18. Nd2 Bh1 19. f3 Rxd4 20. cxd4 Bxd4+ 21.
Kxh1 Bxa1 22. Bd5 1-0

[Event "Annex CC New Beginnings U1800"]
[Site "Toronto CAN"]
[Date "2019.01.14"]
[Round "2"]
[White "Chandra, Ambarish"]
[Black "Armstrong, Robert J"]
[Result "1/2-1/2"]
[WhiteElo "1310"]
[BlackElo "1546"]
[PlyCount "62"]
[EventDate "2019.01.07"]
[EventType "swiss"]
[EventRounds "5"]
[EventCountry "CAN"]

1. e4 g6 2. d4 Bg7 3. Nf3 c5 4. c3 Qa5 5. Bd2 Qb6 6. Qb3 Nc6 7. d5 Ne5 8. Nxe5
Bxe5 9. Na3 Qxb3 10. axb3 Bg7 11. Nb5 Kd8 12. Rxa7 Rxa7 13. Nxa7 Nf6 14. Bd3 d6
15. Nxc8 Kxc8 16. h3 Kc7 17. O-O Ra8 18. c4 Nd7 19. Bc3 Bxc3 20. bxc3 Ne5 21.
Bc2 Ra2 22. Rc1 Rb2 23. f4 Nd7 24. Kf2 e5 25. dxe6 fxe6 26. g4 e5 27. f5 Nf6
28. Ke3 g5 29. Kf3 h6 30. Bd1 b6 31. Ra1 Kb7 1/2-1/2

[Event "Annex CC New Beginnings U1800"]
[Site "Toronto CAN"]
[Date "2019.01.21"]
[Round "3"]
[White "Armstrong, Robert J"]
[Black "Supol, George"]
[Result "0-1"]
[WhiteElo "1546"]
[BlackElo "1422"]
[PlyCount "92"]
[EventDate "2019.01.07"]
[EventType "swiss"]
[EventRounds "5"]
[EventCountry "CAN"]

1. d4 g6 2. c4 Bg7 3. Nc3 e6 4. e4 c6 5. Be3 Ne7 6. g4 d5 7. cxd5 exd5 8. g5
dxe4 9. Nxe4 Nf5 10. Nf3 Nxe3 11. fxe3 O-O 12. Qd2 Re8 13. Nf2 Be6 14. Bd3 Qb6
15. O-O Qd8 16. h4 Qd6 17. Ne4 Qd8 18. Nc5 Qc7 19. Qf2 Bh3 20. Rfe1 b6 21. Nb3
Be6 22. Nbd2 b5 23. b4 Nd7 24. Rac1 a6 25. a3 Bd5 26. e4 Qb6 27. Kh1 Be6 28. e5
Bd5 29. Ne4 Bf8 30. Kg1 a5 31. h5 Be7 32. hxg6 fxg6 33. Nf6+ Bxf6 34. gxf6 Bxf3
35. f7+ Kxf7 36. e6+ Kg7 37. exd7 Rf8 38. Re7+ Kg8 39. Qe3 Qc7 40. Qe6+ Kh8 41.
Qh3 Bh5 42. Rce1 Qf4 43. Re8 Qf2+ 44. Kh1 Bf3+ 45. Qxf3 Qxf3+ 46. Kg1 Qg4+ 0-1

[Event "Annex CC New Beginnings U1800"]
[Site "Toronto CAN"]
[Date "2019.01.28"]
[Round "4"]
[White "Grisar, Charles"]
[Black "Armstrong, Robert J"]
[Result "0-1"]
[WhiteElo "1472"]
[BlackElo "1569"]
[PlyCount "72"]
[EventDate "2019.01.07"]
[EventType "swiss"]
[EventRounds "5"]
[EventCountry "CAN"]

1. e4 g6 2. d4 Bg7 3. c4 c5 4. Nf3 Nc6 5. d5 Nd4 6. Nc3 d6 7. Bf4 Qa5 8. Bd3
Nxf3+ 9. Qxf3 Bxc3+ 10. bxc3 Qxc3+ 11. Ke2 h5 12. h3 Qf6 13. Qe3 Qb2+ 14. Kf3
f6 15. Rhb1 Qd4 16. Qxd4 cxd4 17. Rd1 g5 18. Bh2 g4+ 19. Kg3 h4+ 20. Kf4 gxh3
21. gxh3 Bxh3 22. Bc2 Nh6 23. Rxd4 O-O-O 24. Rd3 Bd7 25. f3 Nf7 26. a4 Rdg8 27.
Bg1 h3 28. Bxa7 h2 29. Rh1 Rh4+ 30. Ke3 Rg1 31. Rd1 Rg2 32. Rd2 Rxd2 33. Kxd2
Ne5 34. Ke2 Nxc4 35. Bf2 Rh3 36. f4 Bg4+ 0-1

[Event "Annex CC New Beginnings U1800"]
[Site "Toronto CAN"]
[Date "2019.02.04"]
[Round "5"]
[White "Armstrong, Robert J"]
[Black "Lambert, Peter"]
[Result "0-1"]
[WhiteElo "1569"]
[BlackElo "1471"]
[PlyCount "46"]
[EventDate "2019.01.07"]
[EventType "swiss"]
[EventRounds "5"]
[EventCountry "CAN"]

1. d4 d5 2. Nf3 Nf6 3. e3 Nbd7 4. c4 c6 5. Nc3 e6 6. Bd3 dxc4 7. Bxc4 b5 8. Bd3
Bd6 9. O-O O-O 10. b3 Qb6 11. Bb2 e5 12. dxe5 Bxe5 13. Nxe5 Nxe5 14. Nd5 Nxd5
15. Bxe5 Rd8 16. Bxh7+ Kxh7 17. Qh5+ Kg8 18. e4 Ne7 19. Rfd1 Bb7 20. Rd6 Rxd6
21. Bxd6 Ng6 22. e5 Nf4 23. Qh4 Qd4 0-1